000 01893cam a22004574i 4500
003 PE-LiUPU
005 20260203114408.0
008 150617s r 000 0 d
035 _a(Sirsi) a11163
040 _aPE-LiUPU
_bspa
_cPE-LiUPU
_erda
049 _aPRUA
082 0 4 _a242.4
_bT27
_221
100 1 _aTaylor, Charles L.,
_d1867-1918,
_eautor.
245 1 4 _aThe Marked Bible /
_cCharles L. Taylor.
264 1 _aTakoma Park :
_bHerald Publishing Association,
_c1922.
300 _a124 páginas ;
_c20 cm.
336 _atext
_2rdacontent
337 _aunmediated
_2rdamedia
338 _avolume
_2rdacarrier
505 0 _aA rebellions son: a mother's love -- A godly sea captain's answered prayer -- Sad new from home-fighing against God -- On the upward way -- A real misionary -- An embarrased minister -- Theological disagreement and confusion -- A ship captain on the date line -- The strange preacher tal ks -- interested questioners -- A sabath rescue from drowning -- Meting God in the way -- Ligt from prophecy -- A choice that is vital -- The fruitage of the marked Bible.
526 _aSEG42
526 _aSEG41
526 _aSEG40
526 _aSEG39
526 _aP94
526 _aP87
526 _aP86
526 _aP85
526 _aP77
526 _aP76
526 _aP35
650 0 4 _aIASD
_xPublicaciones.
650 0 0 _aSabado
_xObservancia cristiana
_vRelatos testimoniales
_9627
910 _ajck
_bjvq
_cjck
_d20150616
942 _2ddc
_cBOOK
949 _a242.4 T27
_wDEWEY
_c1
_i21412
_lCCODEBUL1
_mBUL
_p00.00
_r0
_sY
_tBOOK
_u19830317
_xTEOLOGIA
_PP35
_0COMPRA
_o.STAFF. Colección General
994 _aC0
_bPEPRU
596 _a1
999 _a242.4 T27
_wDEWEY
_c1285
_i21412
_f2021-11-11
_g5
_lCCODEBUL1
_mBUL
_r0
_sY
_tBOOK
_u2015-6-17
_xTEOLOGIA
_PP35
_0COMPRA
_o.STAFF. Colección General
_d1285
980 _818226
_gJaime Vilcazán Jefe de Análisis Documental